00542nam a2200205 a 4500001001300000003000900013005001700022008004100039020002300080082001800103100002700121245002400148260003600172300000900208500003500217505001000252650002500262650002200287700002700309nice12345678IN_TiNIC20260116013803.0050524s1993 hyda grp 000 0 eng  a0863113 c11000a954.8092bLYN aLynton, Harriet Ronken aMy Dear Nawab Saheb aHyderabadbOrient Longmanc1993 a296p aincludes index and biblioraphy2 aIndex aSalar Jung-Biography aHyderabad-History1 aLynton, Harriet Ronken